000 01615nam a2200325 a 4500
001 ebr10613346
003 CaPaEBR
006 m u
007 cr cn|||||||||
008 120625s2012 caua sb 001 0 eng d
010 _z 2012023956
020 _z9781611322163 (hbk. : alk. paper)
020 _z9781611322187 (e-book)
040 _aCaPaEBR
_cCaPaEBR
035 _a(OCoLC)817883138
050 1 4 _aCC79.G46
_bC668 2012eb
082 0 4 _a930.1028
_223
100 1 _aConyers, Lawrence B.
245 1 0 _aInterpreting ground-penetrating radar for archaeology
_h[electronic resource] /
_cLawrence B. Conyers.
260 _aWalnut Creek, Calif. :
_bLeft Coast Press,
_cc2012.
300 _a220 p. :
_bill.
504 _aIncludes bibliographical references and index.
505 0 _aBasic Method and Theory of GPR -- A Personal History of GPR Interpretation -- Geological Complexities -- Cultural Complexity -- Determining the depth of energy penetration -- Historic Sites -- Graves and Cemeteries -- Prehistoric Sites -- Caves, tunnels and void spaces -- Using GPR Interpretations to Understand People -- Interpretation in Collaborative Ventures.
533 _aElectronic reproduction.
_bPalo Alto, Calif. :
_cebrary,
_d2011.
_nAvailable via World Wide Web.
_nAccess may be limited to ebrary affiliated libraries.
650 0 _aGeophysics in archaeology.
650 0 _aGround penetrating radar.
655 7 _aElectronic books.
_2local
710 2 _aebrary, Inc.
856 4 0 _uhttp://site.ebrary.com/lib/rucke/Doc?id=10613346
_zAn electronic book accessible through the World Wide Web; click to view
999 _c100801
_d100801